000
00333pab a2200157 454500
008
180718b2014 xxu||||| |||| 00| 0 eng d
100
_a
Saxena, N.C.
245
_a
Children of a lesser god
260
_c
2014
300
_a
p.14-18.
362
_a
Sep
650
_a
Tribes
773
_a
Seminar
908
_a
N
909
_a
105390
999
_c
105385
_d
105385